[Event "FIDE Women Grand Prix"]
[Site "Ulaanbaatar MGL"]
[Date "2010.08.04"]
[EventDate "2010.07.30"]
[Round "5"]
[Result "1-0"]
[White "Yifan Hou"]
[Black "Marie Sebag"]
[WhiteElo "2577"]
[BlackElo "2519"]
[PlyCount "70"]

1. e4 c5 2. Nf3 d6 3. d4 cxd4 4. Nxd4 Nf6 5. Nc3 a6 6. Be3 e5
7. Nb3 Be6 8. Qd2 Nbd7 9. f4 b5 10. O-O-O Be7 11. Kb1 O-O
12. f5 Bc4 13. Rg1 Qc7 14. g4 b4 15. Bxc4 bxc3 16. Qxc3 Rfc8
17. Nd2 d5 18. exd5 Rab8 19. Qd3 e4 20. d6 Qc6 21. Qe2 Bxd6
22. Bb3 Be5 23. Nc4 Bc7 24. g5 Nd5 25. g6 Nxe3 26. Nxe3 Nc5
27. Qh5 Nxb3 28. Qxh7+ Kf8 29. Qh8+ Ke7 30. Qxg7 Rf8 31. Nd5+
Ke8 32. gxf7+ Rxf7 33. Qg8+ Rf8 34. Nxc7+ Qxc7 35. Qe6+ Qe7
1-0

[Event "FIDE Women Grand Prix"]
[Site "Ulaanbaatar MGL"]
[Date "2010.08.05"]
[EventDate "2010.07.30"]
[Round "6"]
[Result "0-1"]
[White "Marie Sebag"]
[Black "Zhu Chen"]
[WhiteElo "2519"]
[BlackElo "2476"]
[PlyCount "86"]

1. e4 e5 2. Nf3 Nc6 3. Bb5 Nge7 4. Nc3 g6 5. d4 exd4 6. Nd5
Bg7 7. Bg5 h6 8. Bf6 Bxf6 9. Nxf6+ Kf8 10. O-O a6 11. Ba4 Kg7
12. Nd5 b5 13. Bb3 Nxd5 14. Bxd5 Bb7 15. Nxd4 Qf6 16. c3 Rab8
17. f4 Nxd4 18. Bxb7 Nc6 19. Bxc6 dxc6 20. Qf3 Rbd8 21. Rf2
Rhe8 22. Raf1 Rd7 23. Qh3 Red8 24. e5 Qe6 25. Qxe6 fxe6 26. g4
Rd5 27. h4 Rf8 28. Kg2 c5 29. Kg3 c4 30. Rf3 c5 31. R1f2 Rd3
32. a3 a5 33. Rf1 Rf7 34. R1f2 h5 35. gxh5 gxh5 36. Rxd3 cxd3
37. Kf3 Kh6 38. Rg2 Rg7 39. Rg5 c4 40. Ke3 a4 41. Kd2 Rxg5
42. fxg5+ Kg6 43. Ke3 Kf5 0-1

[Event "FIDE Women Grand Prix"]
[Site "Ulaanbaatar MGL"]
[Date "2010.08.07"]
[EventDate "2010.07.30"]
[Round "8"]
[Result "1-0"]
[White "Marie Sebag"]
[Black "Batkhuyag Munguntuul"]
[WhiteElo "2519"]
[BlackElo "2421"]
[PlyCount "66"]

1. e4 e5 2. Nf3 Nc6 3. Bb5 a6 4. Ba4 Nf6 5. O-O b5 6. Bb3 Bc5
7. a4 Rb8 8. c3 d6 9. d4 Bb6 10. a5 Ba7 11. h3 O-O 12. Be3 Ra8
13. Nbd2 Bb7 14. Re1 h6 15. Nf1 Re8 16. Ng3 exd4 17. cxd4 Ne7
18. d5 Bxe3 19. Rxe3 Qd7 20. Nd4 Rad8 21. Rc1 c5 22. dxc6 Nxc6
23. Nxc6 Bxc6 24. Qd4 Re5 25. f4 Rc5 26. Rd1 Bb7 27. Nf5 Rxf5
28. exf5 d5 29. Re5 Qc7 30. Qb6 Qxb6+ 31. axb6 Nd7 32. Rexd5
Bxd5 33. Bxd5 Rb8 1-0

[Event "FIDE Women Grand Prix"]
[Site "Ulaanbaatar MGL"]
[Date "2010.08.10"]
[EventDate "2010.07.30"]
[Round "10"]
[Result "1-0"]
[White "Marie Sebag"]
[Black "Tatiana Kosintseva"]
[WhiteElo "2519"]
[BlackElo "2562"]
[PlyCount "137"]

1. e4 c5 2. Nf3 d6 3. d4 cxd4 4. Nxd4 Nf6 5. Nc3 Nc6 6. Bg5 e6
7. Qd2 a6 8. O-O-O Be7 9. f4 Bd7 10. Nf3 b5 11. Bxf6 gxf6
12. Kb1 Rc8 13. f5 h5 14. Ne2 Qa5 15. Qxa5 Nxa5 16. fxe6 fxe6
17. Nf4 Nc4 18. Re1 Kf7 19. g3 Ne5 20. Be2 Nxf3 21. Bxf3 Rc5
22. h4 b4 23. Rhg1 a5 24. Rg2 Bf8 25. Nd3 Rb5 26. c4 bxc3
27. Rc1 cxb2 28. Rc7 Ke8 29. Nf4 Be7 30. Ra7 Bd8 31. Rxb2
Rxb2+ 32. Kxb2 Rh6 33. Bxh5+ Ke7 34. Bg4 Bb6 35. Rb7 Bd4+
36. Kc2 Kd8 37. Nxe6+ Bxe6 38. Bxe6 Bf2 39. Rg7 Rh5 40. Bf5
Rh6 41. Kd3 Ke8 42. Ke2 Kf8 43. Rg4 Bd4 44. Rf4 Kg7 45. Rf3
Rh8 46. Rb3 Rf8 47. Be6 Ra8 48. Rb7+ Kh6 49. Rd7 Bc5 50. g4
Ra7 51. Rd8 Rb7 52. Ra8 Ra7 53. Rb8 a4 54. Kf3 Re7 55. Bd5 a3
56. Ra8 Ra7 57. Re8 Bd4 58. Kf4 Rc7 59. Kf5 Be5 60. g5+ fxg5
61. hxg5+ Kg7 62. Ra8 Bb2 63. Ra6 Rd7 64. Be6 Rc7 65. Rxd6
Rc5+ 66. Bd5 Rc7 67. e5 Re7 68. Be6 Bc1 69. Rd8 1-0

[Event "Chess Olympiad (Women)"]
[Site "Khanty-Mansiysk RUS"]
[Date "2010.09.23"]
[EventDate "2010.09.21"]
[Round "3"]
[Result "0-1"]
[White "Li Jin Jeslin Tay"]
[Black "Marie Sebag"]
[WhiteElo "2119"]
[BlackElo "2499"]
[PlyCount "72"]

1. d4 d5 2. c4 c6 3. Nf3 Nf6 4. Qc2 g6 5. e3 Bg7 6. Nbd2 O-O
7. Bd3 c5 8. dxc5 Na6 9. a3 Nxc5 10. cxd5 Nxd3+ 11. Qxd3 Qxd5
12. Qxd5 Nxd5 13. Nc4 b6 14. e4 Ba6 15. Nce5 Nf6 16. Be3 Rac8
17. Nd4 Nxe4 18. Nec6 Rc7 19. Nb4 Bb7 20. O-O Rd7 21. Nbc2
Rfd8 22. Rac1 Nc5 23. b4 Nd3 24. Rcd1 Nb2 25. Rb1 Nc4 26. Rbe1
e5 27. Ne2 Nd2 28. Bxd2 Rxd2 29. Ne3 Ba6 30. Nc3 Bxf1 31. Nxf1
R2d3 32. Nb5 a6 33. Na7 Rxa3 34. Nc6 Rd6 35. Nxe5 Bxe5
36. Rxe5 Rd1 0-1

[Event "Chess Olympiad (Women)"]
[Site "Khanty-Mansiysk RUS"]
[Date "2010.09.25"]
[EventDate "2010.09.21"]
[Round "5"]
[Result "1-0"]
[White "Marie Sebag"]
[Black "Hoang Thi Bao Tram"]
[WhiteElo "2499"]
[BlackElo "2285"]
[PlyCount "75"]

1. e4 c6 2. d4 d5 3. e5 Bf5 4. Nf3 e6 5. Be2 Nd7 6. O-O Ne7
7. Nbd2 Nc8 8. Nb3 Be7 9. a4 O-O 10. a5 a6 11. Be3 Bg4 12. h3
Bxf3 13. Bxf3 Bg5 14. Qd2 Bxe3 15. Qxe3 Ne7 16. Qd3 Ng6
17. Qe3 Qe7 18. Bh5 Rac8 19. Bxg6 fxg6 20. c4 dxc4 21. Nd2 b5
22. axb6 Nxb6 23. Rxa6 Nd5 24. Qa3 Qg5 25. Ne4 Qh4 26. Re1 Nf4
27. Ra7 Nd3 28. Re2 Rcd8 29. Qa6 Rxd4 30. Qb7 Qh6 31. Ng5 Nf4
32. Re3 Nxg2 33. Rf3 Nf4 34. Qe7 Rb8 35. Kh2 c5 36. Qf7+ Kh8
37. Rxf4 Rdd8 38. Qe7 1-0

[Event "Chess Olympiad (Women)"]
[Site "Khanty-Mansiysk RUS"]
[Date "2010.09.27"]
[EventDate "2010.09.21"]
[Round "6"]
[Result "1/2-1/2"]
[White "Arianne Caoili"]
[Black "Marie Sebag"]
[WhiteElo "2243"]
[BlackElo "2499"]
[PlyCount "103"]

1. d4 d5 2. c4 c6 3. cxd5 cxd5 4. Nc3 Nf6 5. Bf4 Nc6 6. e3 a6
7. Bd3 Bg4 8. f3 Bh5 9. Qb3 Ra7 10. g4 Bg6 11. Bxg6 hxg6
12. g5 Na5 13. Qc2 Nh5 14. Be5 e6 15. h4 Nc4 16. Kf2 b5
17. Bh2 Bd6 18. Bxd6 Qxd6 19. Nge2 Rc7 20. Rac1 Qd7 21. Qb1 b4
22. Nd1 O-O 23. b3 Na3 24. Rxc7 Qxc7 25. Qd3 Nb5 26. Nb2 Nc3
27. f4 Ne4+ 28. Kg2 Qd7 29. Nc4 dxc4 30. Qxe4 c3 31. Nc1 Qb5
32. Rd1 Rc8 33. Qc2 Qc6+ 34. Kf2 a5 35. Nd3 Qd5 36. Ne5 Qb5
37. Rc1 Rb8 38. Qd3 Qd5 39. Rd1 a4 40. Qc4 Qe4 41. bxa4 Ra8
42. Qd3 Qf5 43. Qxf5 gxf5 44. Nd3 Rxa4 45. Kf3 Rxa2 46. Nxb4
Rh2 47. Rc1 Rh3+ 48. Kf2 Rh2+ 49. Kf3 Rh3+ 50. Kf2 Rh2+
51. Kf3 Rh3+ 52. Kf2 1/2-1/2

[Event "Chess Olympiad (Women)"]
[Site "Khanty-Mansiysk RUS"]
[Date "2010.09.28"]
[EventDate "2010.09.21"]
[Round "7"]
[Result "1/2-1/2"]
[White "Marie Sebag"]
[Black "Atousa Pourkashiyan"]
[WhiteElo "2499"]
[BlackElo "2322"]
[PlyCount "79"]

1. e4 e5 2. Nf3 Nf6 3. Nxe5 d6 4. Nf3 Nxe4 5. d4 d5 6. Bd3 Be7
7. O-O Nc6 8. Nc3 Nxc3 9. bxc3 Bg4 10. Bf4 O-O 11. Re1 Bh5
12. Rb1 Rb8 13. Re3 Bd6 14. Bxd6 Qxd6 15. h3 f5 16. Re1 b6
17. Be2 Rbe8 18. Ng5 Bxe2 19. Rxe2 h6 20. Nf3 Re4 21. Nd2 Re6
22. Rxe6 Qxe6 23. Qf3 Re8 24. h4 Na5 25. h5 c6 26. Kf1 Nb7
27. Qf4 Qe2+ 28. Kg1 Qxh5 29. Qc7 Nd8 30. Qxa7 Ne6 31. Re1 Nf4
32. Rxe8+ Qxe8 33. Nf3 Ne2+ 34. Kf1 Nxc3 35. Qxb6 Qe2+ 36. Kg1
Ne4 37. Qxc6 Qxf2+ 38. Kh2 Qg3+ 39. Kg1 Qf2+ 40. Kh2 1/2-1/2

[Event "Chess Olympiad (Women)"]
[Site "Khanty-Mansiysk RUS"]
[Date "2010.09.30"]
[EventDate "2010.09.21"]
[Round "9"]
[Result "1/2-1/2"]
[White "Marie Sebag"]
[Black "Baira Kovanova"]
[WhiteElo "2499"]
[BlackElo "2370"]
[PlyCount "182"]

1. e4 e5 2. Nf3 Nc6 3. Bb5 a6 4. Ba4 Nf6 5. O-O Be7 6. Re1 b5
7. Bb3 d6 8. c3 O-O 9. h3 Be6 10. Bc2 Re8 11. d4 exd4 12. cxd4
Nb4 13. d5 Bd7 14. a3 Nxc2 15. Qxc2 Bf8 16. Nc3 c5 17. dxc6
Bxc6 18. Bg5 h6 19. Bh4 g5 20. Bg3 Qb6 21. Rad1 Rad8 22. Nd4
Bb7 23. Nf5 Qc5 24. Qd3 Nxe4 25. Nxh6+ Bxh6 26. Nxe4 Qf5
27. f3 d5 28. Nc5 Rxe1+ 29. Bxe1 Qxd3 30. Rxd3 Bc8 31. Ba5 Rd6
32. Ne4 Rc6 33. Rxd5 f5 34. Rd8+ Kh7 35. Nf6+ Kg7 36. Ng8 Be6
37. Nxh6 Kxh6 38. Bc3 Kg6 39. Rh8 Rc8 40. Rxc8 Bxc8 41. Kf2 f4
42. Ba5 Be6 43. Bc7 Kf5 44. g3 fxg3+ 45. Kxg3 Bd5 46. b4 Bc4
47. Kf2 Bd3 48. Bg3 Bc4 49. Bc7 Bb3 50. Ke3 Bd1 51. f4 gxf4+
52. Bxf4 Kg6 53. Kd4 Kh5 54. Bg3 Kg5 55. Kc5 Kh5 56. Kb6 Ba4
57. Kxa6 Kg5 58. Kb6 Kh5 59. Kc5 Kg5 60. Kd5 Kh5 61. Ke5 Bc2
62. Kf4 Bb3 63. Ke5 Bc2 64. Kd4 Ba4 65. Kc5 Kg5 66. h4+ Kh5
67. Be1 Kg4 68. Kd6 Kh5 69. Ke5 Bc2 70. Kd4 Ba4 71. Kc3 Kg4
72. Kd3 Kh5 73. Kd4 Kg4 74. Ke5 Kh5 75. Kf4 Bc2 76. Kg3 Ba4
77. Bc3 Bc2 78. Bf6 Ba4 79. Kf4 Bc2 80. Ke5 Ba4 81. Kd5 Bc2
82. Kc5 Ba4 83. Bd8 Kg4 84. Kd6 Kh5 85. Ke5 Bb3 86. Kd4 Ba4
87. Kc3 Kg4 88. Kd2 Kh5 89. Ke3 Bb3 90. Ke4 Bc2+ 91. Kd5 Ba4
1/2-1/2

[Event "Chess Olympiad (Women)"]
[Site "Khanty-Mansiysk RUS"]
[Date "2010.10.01"]
[EventDate "2010.09.21"]
[Round "10"]
[Result "0-1"]
[White "Jovana Rapport"]
[Black "Marie Sebag"]
[WhiteElo "2319"]
[BlackElo "2499"]
[PlyCount "114"]

1. d4 d5 2. Nf3 Nf6 3. c4 c6 4. Qc2 g6 5. Bf4 Bg7 6. e3 O-O
7. Nc3 c5 8. dxc5 Qa5 9. Qa4 Qxc5 10. cxd5 Nxd5 11. Nxd5 Qxd5
12. Rd1 Qc5 13. Bc4 Nc6 14. Rd5 Qb4+ 15. Qxb4 Nxb4 16. Rd2 Bf5
17. Be5 Rfc8 18. b3 Rxc4 19. bxc4 Nd3+ 20. Rxd3 Bxd3 21. Bxg7
Kxg7 22. Ne5 Bf5 23. Ke2 Rc8 24. Rc1 Rc5 25. Nd3 Ra5 26. Rc2
Ra3 27. Rd2 Be6 28. Rc2 Ra4 29. Nc5 Bxc4+ 30. Kf3 Bd5+ 31. e4
Ra3+ 32. Kf4 Bc6 33. f3 a5 34. Rb2 b5 35. Nb3 b4 36. Rd2 a4
37. Nd4 Bd7 38. e5 Rc3 39. Rb2 Rc4 40. Ke3 a3 41. Rc2 Bb5
42. g4 g5 43. Rd2 Rc3+ 44. Ke4 Bc6+ 45. Nxc6 Rxc6 46. h3 Rc4+
47. Ke3 Rc3+ 48. Ke4 b3 49. axb3 Rxb3 50. Ra2 h6 51. Ra1 Kf8
52. Rc1 Kg7 53. Ra1 Kf8 54. Ra2 Ke8 55. Rd2 Rb2 56. Rd4 a2
57. Ra4 Rb4+ 0-1

[Event "Chess Olympiad (Women)"]
[Site "Khanty-Mansiysk RUS"]
[Date "2010.10.03"]
[EventDate "2010.09.21"]
[Round "11"]
[Result "1-0"]
[White "Marie Sebag"]
[Black "Elena Partac"]
[WhiteElo "2499"]
[BlackElo "2087"]
[PlyCount "59"]

1. e4 c5 2. Nf3 Nc6 3. Bb5 g6 4. O-O Bg7 5. Re1 Nf6 6. c3 O-O
7. h3 Qb6 8. Ba4 d6 9. d4 cxd4 10. cxd4 d5 11. e5 Ne4 12. Nc3
Nxc3 13. bxc3 Bf5 14. g4 Bd7 15. Bb3 e6 16. g5 Ne7 17. Nh2 Nf5
18. Ng4 Rfc8 19. Bd2 Qa6 20. Bc2 Bb5 21. Bxf5 exf5 22. Nf6+
Bxf6 23. gxf6 Bd7 24. a4 Be6 25. Qc1 Rc4 26. Bh6 Rxa4 27. Rb1
Rc8 28. Bg7 Rxd4 29. Qh6 Re4 30. Bf8 1-0

[Event "Women's World Chess Championship"]
[Site "Antakya TUR"]
[Date "2010.12.04"]
[EventDate "2010.12.04"]
[Round "1"]
[Result "1-0"]
[White "Marie Sebag"]
[Black "Irina Vasilevich"]
[WhiteElo "2494"]
[BlackElo "2333"]
[PlyCount "43"]

1. e4 e5 2. Nf3 Nc6 3. Bb5 Nf6 4. O-O Nxe4 5. d4 Nd6 6. Bxc6
dxc6 7. dxe5 Nf5 8. Qxd8+ Kxd8 9. Nc3 Be6 10. h3 h6 11. g4 Ne7
12. Nd4 Bd7 13. Ne4 Ng6 14. f4 h5 15. Ng5 Bc5 16. Be3 Ke8
17. Rae1 hxg4 18. e6 fxe6 19. Ndxe6 Bd6 20. Bc5 Bxc5+
21. Nxc5+ Ne7 22. Re5 1-0

[Event "Women's World Chess Championship"]
[Site "Antakya TUR"]
[Date "2010.12.04"]
[EventDate "2010.12.04"]
[Round "1"]
[Result "0-1"]
[White "Irina Vasilevich"]
[Black "Marie Sebag"]
[WhiteElo "2333"]
[BlackElo "2494"]
[PlyCount "60"]

1. e4 c5 2. Nf3 d6 3. d4 cxd4 4. Nxd4 Nf6 5. Nc3 a6 6. Bg5 e6
7. f4 Nbd7 8. Bc4 Qb6 9. Bb3 Be7 10. Qd2 Nc5 11. e5 Nfe4
12. Nxe4 Nxe4 13. Ba4+ Bd7 14. Bxd7+ Kxd7 15. Qe3 Nxg5
16. exd6 Bf6 17. O-O-O h6 18. Rhe1 Nh7 19. Rh1 Ng5 20. Rhe1
Nh7 21. Qa3 Bxd4 22. Qa4+ Qc6 23. Qxd4 Rac8 24. Rd2 Nf6
25. Re3 Qc5 26. Qa4+ Qb5 27. Qa3 Qc5 28. b4 Qc4 29. Rb3 Ne4
30. Qa4+ Rc6 0-1

[Event "Women's World Chess Championship"]
[Site "Antakya TUR"]
[Date "2010.12.07"]
[EventDate "2010.12.04"]
[Round "2.1"]
[Result "1-0"]
[White "Anna Zatonskih"]
[Black "Marie Sebag"]
[WhiteElo "2478"]
[BlackElo "2494"]
[PlyCount "103"]

1. d4 d5 2. c4 c6 3. Nf3 Nf6 4. Qb3 dxc4 5. Qxc4 Bf5 6. g3 e6
7. Bg2 Nbd7 8. O-O Be7 9. e3 O-O 10. Rd1 Ne4 11. Qe2 Qc7
12. Ne1 e5 13. Nd3 exd4 14. g4 dxe3 15. gxf5 Nxf2 16. Nxf2
exf2+ 17. Qxf2 Bc5 18. Be3 Bxe3 19. Qxe3 Nf6 20. Qg3 Qa5
21. Rf1 Qb4 22. Nc3 Rfe8 23. Rab1 Rad8 24. a3 Qc4 25. Rbe1
Qd4+ 26. Kh1 Qd2 27. Ne4 Nxe4 28. Bxe4 Qxb2 29. f6 g6 30. Qf4
Qxa3 31. Bg2 a5 32. Re7 Qxe7 33. fxe7 Rxe7 34. Qg5 Rde8
35. Qxa5 Re2 36. Qb6 R8e7 37. Qd4 h5 38. Bf3 R2e5 39. Rb1 Kh7
40. Kg2 Rg5+ 41. Kf2 Rf5 42. Qd8 Re4 43. Rxb7 Ref4 44. Rb3 c5
45. Re3 Kg7 46. Qd2 g5 47. Kg2 g4 48. Be4 Rf6 49. h3 Re6
50. Bd3 Ref6 51. hxg4 hxg4 52. Re4 1-0

[Event "Women's World Chess Championship"]
[Site "Antakya TUR"]
[Date "2010.12.08"]
[EventDate "2010.12.04"]
[Round "2.2"]
[Result "0-1"]
[White "Marie Sebag"]
[Black "Anna Zatonskih"]
[WhiteElo "2494"]
[BlackElo "2478"]
[PlyCount "118"]

1. e4 e6 2. d4 d5 3. Nd2 c5 4. Ngf3 Nc6 5. exd5 exd5 6. Bb5
Bd6 7. dxc5 Bxc5 8. O-O Ne7 9. Nb3 Bd6 10. c3 O-O 11. Bd3 h6
12. h3 Bf5 13. Be3 Re8 14. Nbd4 Be4 15. Re1 Ng6 16. Bb5 Qd7
17. Bf1 Rad8 18. Nd2 Bb8 19. Qb3 Nh4 20. g3 Nxd4 21. cxd4 Qf5
22. Qd1 Bf3 23. Qb3 Be4 24. f4 Qg6 25. Kh2 Nf5 26. Bf2 h5
27. Nf3 h4 28. Nxh4 Nxh4 29. gxh4 Bxf4+ 30. Bg3 Qh6 31. h5
Bxg3+ 32. Qxg3 Qxh5 33. Re3 Rc8 34. Rae1 Re6 35. Qg4 Qxg4
36. hxg4 Rf6 37. R3e2 g5 38. Bg2 Bxg2 39. Rxg2 Rc4 40. Re7
Rxd4 41. Rxb7 a5 42. b3 Rh6+ 43. Kg1 a4 44. bxa4 Rh4 45. Rb3
Rxa4 46. Rbg3 Rf4 47. a3 Kg7 48. Ra2 Rhxg4 49. Rxg4 Rxg4+
50. Kf2 Ra4 51. Ke3 Kg6 52. Kd3 g4 53. Kc3 g3 54. Kb3 Rg4
55. Rg2 Kf5 56. a4 Kf4 57. a5 Kf3 58. Rg1 g2 59. a6 Rg8 0-1

[Event "6th FIDE Women Grand Prix"]
[Site "Doha QAT"]
[Date "2011.02.22"]
[EventDate "2011.02.22"]
[Round "1"]
[Result "0-1"]
[White "Marie Sebag"]
[Black "Elina Danielian"]
[WhiteElo "2489"]
[BlackElo "2454"]
[PlyCount "115"]

1. e4 c6 2. d4 d5 3. exd5 cxd5 4. c4 Nf6 5. Nc3 e6 6. Nf3 Bb4
7. cxd5 Nxd5 8. Bd2 Nc6 9. Bd3 Nf6 10. O-O O-O 11. Bg5 Be7
12. Re1 Bd7 13. a3 Rc8 14. Qe2 Re8 15. Bxf6 Bxf6 16. Rad1 e5
17. dxe5 Nxe5 18. Nxe5 Rxe5 19. Be4 Qe8 20. f4 Re6 21. Qd3
Bxc3 22. bxc3 Ba4 23. Bxh7+ Kf8 24. Rxe6 Qxe6 25. Rb1 b5
26. Bf5 Qb6+ 27. Kh1 Rd8 28. Qh3 Qh6 29. Qe3 a6 30. Re1 Qd6
31. Qh3 Qh6 32. Qe3 Qd6 33. Qh3 Qh6 34. Qe3 Qf6 35. h3 g6
36. Bb1 Rc8 37. f5 g5 38. Rc1 Bb3 39. Be4 Kg7 40. Qg3 a5
41. Qe3 Re8 42. Qf3 Re5 43. Rb1 a4 44. Qg4 Qe7 45. Bd3 Qd8
46. Qg3 f6 47. Rf1 Qe7 48. Qg4 Qd6 49. Bb1 Re3 50. Qb4 Qxb4
51. cxb4 Bc4 52. Rd1 Rxa3 53. Be4 Rb3 54. Rd7+ Kf8 55. Bd5
Bxd5 56. Rxd5 Rxb4 57. Rd6 a3 58. Rxf6+ 0-1

[Event "6th FIDE Women Grand Prix"]
[Site "Doha QAT"]
[Date "2011.02.23"]
[EventDate "2011.02.22"]
[Round "2"]
[Result "0-1"]
[White "Yuhua Xu"]
[Black "Marie Sebag"]
[WhiteElo "2484"]
[BlackElo "2489"]
[PlyCount "54"]

1. e4 c5 2. Nf3 d6 3. d4 cxd4 4. Nxd4 Nf6 5. Nc3 a6 6. Be3 e5
7. Nb3 Be6 8. Qd2 Nbd7 9. f4 b5 10. f5 Bc4 11. O-O-O h5
12. Kb1 Qc7 13. Bxc4 bxc4 14. Nc1 Qb7 15. Rhe1 Be7 16. h3 h4
17. Bg5 O-O 18. Bxh4 Rfb8 19. b3 a5 20. g4 a4 21. Bxf6 Bxf6
22. g5 axb3 23. cxb3 cxb3 24. a4 b2 25. N1a2 Nb6 26. Qe2 Nxa4
27. Nd5 Qb3 0-1

[Event "6th FIDE Women Grand Prix"]
[Site "Doha QAT"]
[Date "2011.02.26"]
[EventDate "2011.02.22"]
[Round "5"]
[Result "1/2-1/2"]
[White "Marie Sebag"]
[Black "Koneru Humpy"]
[WhiteElo "2489"]
[BlackElo "2607"]
[PlyCount "86"]

1. e4 e5 2. Nf3 Nc6 3. Bb5 a6 4. Ba4 Nf6 5. O-O Be7 6. Re1 b5
7. Bb3 d6 8. c3 O-O 9. h3 Nb8 10. d4 Nbd7 11. Nbd2 Bb7 12. Bc2
Re8 13. a4 Bf8 14. Bd3 c6 15. b3 g6 16. Bb2 Bg7 17. Qc2 Rc8
18. Rad1 Nh5 19. Bf1 Nf4 20. dxe5 dxe5 21. b4 Qe7 22. Nb3 Rc7
23. Ba3 Qf6 24. Nfd2 Ne6 25. Na5 Bf8 26. Nxb7 Rxb7 27. Nb3 Rc7
28. Rd2 Nb6 29. a5 Nc4 30. Bxc4 bxc4 31. Nc5 Bxc5 32. bxc5 Nf4
33. Re3 Nd3 34. Rexd3 cxd3 35. Qxd3 Rb8 36. Bb4 Ra8 37. Qg3
Re7 38. Rd6 Re6 39. Qd3 h5 40. Rd7 Qg5 41. c4 Qc1+ 42. Kh2
Qf4+ 43. Kg1 Qc1+ 1/2-1/2

[Event "6th FIDE Women Grand Prix"]
[Site "Doha QAT"]
[Date "2011.02.28"]
[EventDate "2011.02.22"]
[Round "6"]
[Result "0-1"]
[White "Martha Lorena Fierro Baquero"]
[Black "Marie Sebag"]
[WhiteElo "2353"]
[BlackElo "2489"]
[PlyCount "109"]

1. c4 c6 2. g3 d5 3. Nf3 Nf6 4. Bg2 dxc4 5. O-O g6 6. Na3 Qd5
7. d3 cxd3 8. Ng5 Qd8 9. Qb3 e6 10. Rd1 Bg7 11. Rxd3 Nbd7
12. Nc4 O-O 13. Qd1 Qc7 14. Bd2 h6 15. Nh3 Nd5 16. e4 b5
17. Ba5 Qb8 18. Nd2 N5b6 19. Qc2 Ne5 20. Rb3 Nbc4 21. Nxc4
Nxc4 22. Bc3 Bxc3 23. Rxc3 Rd8 24. b3 Ne5 25. Rd1 Bb7 26. Nf4
Qc7 27. Ne2 Rxd1+ 28. Qxd1 Rd8 29. Qc1 b4 30. Rc2 Qd6 31. h3
Qd1+ 32. Qxd1 Rxd1+ 33. Kh2 Nd3 34. Nf4 Ne1 35. Rc5 Rd2
36. Ra5 a6 37. Kg1 Rc2 38. h4 c5 39. Bh1 g5 40. hxg5 hxg5
41. Nh5 Nd3 42. e5 Kf8 43. Bg2 Bxg2 44. Kxg2 Rxf2+ 45. Kh3
Nxe5 46. Rxc5 Nf3 47. g4 Rxa2 48. Rc8+ Ke7 49. Rc7+ Kd6
50. Rxf7 Ng1+ 51. Kg3 Rb2 52. Ra7 Rxb3+ 53. Kg2 Nh3 54. Rxa6+
Ke5 55. Ra7 0-1

[Event "6th FIDE Women Grand Prix"]
[Site "Doha QAT"]
[Date "2011.03.01"]
[EventDate "2011.02.22"]
[Round "7"]
[Result "1-0"]
[White "Marie Sebag"]
[Black "Pia Cramling"]
[WhiteElo "2489"]
[BlackElo "2516"]
[PlyCount "89"]

1. e4 c5 2. c3 Nf6 3. e5 Nd5 4. d4 cxd4 5. Nf3 Nc6 6. cxd4 d6
7. Bc4 Nb6 8. Bb5 Bd7 9. Nc3 dxe5 10. d5 Nb4 11. Nxe5 Bxb5
12. Nxb5 Rc8 13. O-O Qxd5 14. Nxa7 Ra8 15. Be3 Qxd1 16. Raxd1
Rxa7 17. Bxb6 Ra8 18. a3 f6 19. axb4 fxe5 20. Ra1 Rxa1
21. Rxa1 Kd7 22. b5 g6 23. Ra7 Kc8 24. Ra8+ Kd7 25. Rb8 Bg7
26. Rxb7+ Ke6 27. Bc5 Re8 28. b4 e4 29. Kf1 Be5 30. Ke2 Bd6
31. Ke3 Kd5 32. Bxd6 exd6 33. Rxh7 Rc8 34. Rg7 Rc3+ 35. Kd2
Rb3 36. Rxg6 Rxb4 37. h4 Ke5 38. h5 Rb2+ 39. Kc3 Rxf2 40. h6
Rf8 41. h7 Rh8 42. Rh6 d5 43. b6 d4+ 44. Kd2 e3+ 45. Kd3 1-0

[Event "6th FIDE Women Grand Prix"]
[Site "Doha QAT"]
[Date "2011.03.03"]
[EventDate "2011.02.22"]
[Round "9"]
[Result "1-0"]
[White "Marie Sebag"]
[Black "Nana Dzagnidze"]
[WhiteElo "2489"]
[BlackElo "2550"]
[PlyCount "59"]

1. e4 e5 2. Nf3 Nc6 3. Bb5 g6 4. c3 Bg7 5. d4 exd4 6. cxd4 a6
7. Bc4 b5 8. Bb3 Nge7 9. Nc3 O-O 10. Nd5 h6 11. Bf4 d6 12. Qd2
Kh7 13. h4 Bg4 14. Ng5+ Kg8 15. Nxf7 Rxf7 16. Bxh6 Nxd4
17. Bxg7 Nxb3 18. Qh6 Rxg7 19. Nf6+ Kf8 20. axb3 Be6 21. h5
Kf7 22. Nh7 Qh8 23. Ng5+ Kf6 24. e5+ Kxe5 25. Nf3+ Kd5 26. Qe3
Nf5 27. O-O-O+ Kc6 28. Qxe6 Qh6+ 29. Kb1 Qf4 30. Qd5+ 1-0

[Event "6th FIDE Women Grand Prix"]
[Site "Doha QAT"]
[Date "2011.03.05"]
[EventDate "2011.02.22"]
[Round "11"]
[Result "1-0"]
[White "Batkhuyag Munguntuul"]
[Black "Marie Sebag"]
[WhiteElo "2410"]
[BlackElo "2489"]
[PlyCount "107"]

1. e4 c5 2. Nf3 d6 3. d4 cxd4 4. Nxd4 Nf6 5. Nc3 a6 6. Bg5 e6
7. Qd2 b5 8. f3 Be7 9. Be3 Bb7 10. O-O-O Nbd7 11. g4 Nb6
12. a3 Rc8 13. h4 d5 14. g5 Nh5 15. exd5 Nxd5 16. Nxd5 Qxd5
17. Bd3 Qa2 18. c3 O-O 19. Bb1 Qc4 20. Qd3 g6 21. Qxc4 bxc4
22. Rhf1 Rfd8 23. Ne2 Bd5 24. Nf4 Bc5 25. Nxd5 exd5 26. Bxc5
Rxc5 27. f4 Re8 28. Rf3 Re2 29. f5 Ng7 30. Rdf1 Rc7 31. fxg6
hxg6 32. Rf6 Ne6 33. Kd1 Re5 34. h5 gxh5 35. g6 Ng5 36. Rxa6
Kg7 37. Raf6 h4 38. gxf7 Rxf7 39. Rxf7+ Nxf7 40. Rh1 Rg5
41. Bc2 Rg4 42. Bf5 Rf4 43. Be6 d4 44. Bxc4 Ne5 45. Bb5 d3
46. Kd2 Rf2+ 47. Ke3 Re2+ 48. Kd4 Kf6 49. b4 Ke6 50. Rxh4 Nf3+
51. Kxd3 Rb2 52. Rh6+ Ke5 53. a4 Kd5 54. Bc6+ 1-0

[Event "French Team Championships"]
[Site "Mulhouse FRA"]
[Date "2011.05.26"]
[EventDate "2011.05.26"]
[Round "1.3"]
[Result "1-0"]
[White "Loek van Wely"]
[Black "Marie Sebag"]
[WhiteElo "2675"]
[BlackElo "2504"]
[PlyCount "113"]

1. d4 d5 2. c4 c6 3. Nf3 Nf6 4. Nc3 dxc4 5. a4 Bf5 6. e3 e6
7. Bxc4 Bb4 8. O-O O-O 9. Nh4 Nbd7 10. f3 Bg6 11. Nxg6 hxg6
12. Qc2 Qe7 13. Rd1 Rad8 14. a5 e5 15. g3 Rfe8 16. Kg2 exd4
17. exd4 Nf8 18. Qb3 Nd5 19. Nxd5 cxd5 20. Bb5 Rc8 21. Bxe8
Qe2+ 22. Kh1 Rc2 23. Bd2 Ne6 24. Qxc2 Qxf3+ 25. Kg1 Nxd4
26. Bxf7+ Kxf7 27. Bxb4 Ne2+ 28. Qxe2 Qxe2 29. Bc5 g5 30. Bxa7
Qxb2 31. Rab1 Qa2 32. Rb6 Qxa5 33. Rf1+ Kg8 34. Rxb7 Qd2
35. Rbb1 Kh7 36. Rbd1 Qa5 37. Bf2 Kg6 38. Rd4 Qc3 39. Rfd1 Kf5
40. h3 Qf3 41. R1d3 Qe2 42. Rxd5+ Kg6 43. Re3 Qa2 44. Ree5
Qb1+ 45. Kg2 Kf6 46. Rf5+ Ke6 47. Rxg5 g6 48. Rge5+ Kf7
49. Rb5 Qc2 50. Rec5 Qe4+ 51. Kg1 Kg7 52. Rb6 Qd3 53. Rcc6
Qd1+ 54. Kh2 Qe2 55. Rxg6+ Kh7 56. Rgf6 Kg7 57. Rf4 1-0

[Event "French Team Championships"]
[Site "Mulhouse FRA"]
[Date "2011.05.27"]
[EventDate "2011.05.26"]
[Round "2.3"]
[Result "1/2-1/2"]
[White "Marie Sebag"]
[Black "Sergey Fedorchuk"]
[WhiteElo "2504"]
[BlackElo "2654"]
[PlyCount "62"]

1. e4 e5 2. Nf3 Nc6 3. Bb5 a6 4. Ba4 d6 5. Bxc6+ bxc6 6. d4
exd4 7. Nxd4 c5 8. Nf3 Bb7 9. O-O Nf6 10. Nc3 Be7 11. e5 dxe5
12. Nxe5 Qd4 13. Qe2 O-O 14. Rd1 Qh4 15. Nf3 Qg4 16. h3 Bxf3
17. Qxf3 Qxf3 18. gxf3 Bd6 19. Be3 Rfe8 20. Nd5 Re6 21. c4 Rb8
22. b3 Nh5 23. Nc3 Nf6 24. Nd5 Nh5 25. Rd3 h6 26. Rad1 g5
27. Nc3 Nf6 28. Na4 Re5 29. Nc3 Re6 30. Nd5 Nh5 31. Nc3 Nf6
1/2-1/2

[Event "French Team Championships"]
[Site "Mulhouse FRA"]
[Date "2011.05.28"]
[EventDate "2011.05.26"]
[Round "3.4"]
[Result "1/2-1/2"]
[White "Andrei Istratescu"]
[Black "Marie Sebag"]
[WhiteElo "2623"]
[BlackElo "2504"]
[PlyCount "90"]

1. e4 c5 2. Nc3 d6 3. f4 g6 4. d4 Qa5 5. dxc5 Qxc5 6. Nd5 Bg7
7. b4 Qd4 8. Qxd4 Bxd4 9. c3 Bg7 10. Bb2 Kd8 11. O-O-O Nh6
12. h3 e6 13. Ne3 Kc7 14. g4 f5 15. exf5 gxf5 16. Bd3 Nd7
17. gxf5 Nb6 18. Ne2 Nxf5 19. Nxf5 exf5 20. Rhg1 Rg8 21. Nd4
Bd7 22. Nxf5 Bxf5 23. Bxf5 Bh6 24. Kc2 Rxg1 25. Rxg1 Rf8
26. Bxh7 Rxf4 27. Kb3 Rf3 28. h4 Rh3 29. Rg4 d5 30. Bf5 Rf3
31. Rg6 Rxf5 32. Rxh6 Rf1 33. Rh7+ Kc6 34. b5+ Kxb5 35. Rxb7
a5 36. a4+ Kc6 37. Rg7 Nc4 38. h5 Rb1 39. Rg2 Rh1 40. Rg6+ Kc5
41. h6 Rb1 42. Rg2 Rh1 43. Rg6 Rb1 44. Rg2 Rh1 45. Rg6 Rb1
1/2-1/2